000 00429nam a2200181Ia 4500
001 4211
005 20260306145739.0
008 260306t2008||||xx |||||||||||||| ||spa||
041 _aESP
082 _a320.01
_bH66
100 _aHöffe, Otfried
_eAUT
245 0 _aEl proyecto político de la modernidad
260 _c2008
300 _a334 páginas :
_c21 cm.
650 _aGEN
654 _aCDE
942 _cLIB
_dJUS
_fJUS
_2ddc
_n
999 _c4211
_d4211